| 000 | 00529nam a22001577a 4500 | ||
|---|---|---|---|
| 003 | OSt | ||
| 005 | 20151002141922.0 | ||
| 008 | 151002b xxu||||| |||| 00| 0 eng d | ||
| 040 | _cRUA | ||
| 082 | _aAVM ទី 1993 B066 Or.1 | ||
| 100 |
_91750 _aទី គៀង |
||
| 245 | _aវិធានការណ៏ការពារ និងព្យាបាលជំងឺគោ ក្របីដែលបង្កឡើងដោយ haemonchus | ||
| 260 |
_aPhnom Penh _bRUA _c1993 |
||
| 300 |
_a55p. _bill. _c29cm. |
||
| 942 |
_2ddc _cAVM |
||
| 999 |
_c1652 _d1652 |
||